000 01242nam a2200301 a 4500
001 000113210
003 CHAP
005 20220329144343.0
008 170517s2016 mx a fsm |||||||spa d
010 _a109671
011 _a110643
040 _cCHAP
090 _aTesis
100 1 _aDíaz Ceniceros, Huizar Leonardo
_9132244
245 1 0 _aControl químico de la roya lineal amarilla (Puccinia striiformis f. sp. tritici) en diferentes etapas de desarrollo de trigo (Triticum eastivum L.) en Terrenate, Tlaxcala, México /
_h[En línea]
_cpor Huizar Leonardo Díaz Ceniceros.
260 _aChapingo, Méx. :
_bEl autor,
_c2016.
500 _aPara ver el contenido del material haga clic en la liga
502 _aTesis (Ing. Agr. Esp. en Parasitología Agrícola) -- UACH. Departamento de Parasítología Agrícola
590 _aE8697GMM
_b05
_c20170517
_lUCH01
_h0845
590 _aE8697GMM
_b05
_c20170517
_lUCH01
_h0932
650 1 4 _aFungicidas
_xAplicación.
_9126604
650 1 4 _aFungicidas
_xEfecto en Puccinia striiformis.
_9129686
650 1 4 _aTrigo
_xEnfermedades por hongos
_xControl.
_9132863
856 _aFinding aid
_uhttp://10.13.5.2/tesis/sist113210.pdf
_zTeclea aquí
901 _aBK
942 _cTESIS
942 _n0
999 _c109671
_d109671